Dogs working for people. (Record no. 1345)

MARC details
000 -LEADER
fixed length control field 00965cam a2200289 4500
005 - DATE AND TIME OF LATEST TRANSACTION
control field 20260322212056.0
008 - FIXED-LENGTH DATA ELEMENTS--GENERAL INFORMATION
fixed length control field data
010 ## - LIBRARY OF CONGRESS CONTROL NUMBER
LC control number 72091419
020 ## - INTERNATIONAL STANDARD BOOK NUMBER
International Standard Book Number 0870441248
020 ## - INTERNATIONAL STANDARD BOOK NUMBER
International Standard Book Number 9780870441240
040 ## - CATALOGING SOURCE
Original cataloging agency DLC
Transcribing agency DLC
Modifying agency DLC
042 ## - AUTHENTICATION CODE
Authentication code lcac
050 00 - LIBRARY OF CONGRESS CALL NUMBER
Classification number SF428.2
Item number .F67
082 00 - DEWEY DECIMAL CLASSIFICATION NUMBER
Classification number 636.7/08/86
092 ## - LOCALLY ASSIGNED DEWEY CALL NUMBER (OCLC)
Classification number 636.7 F67 1972
001 - CONTROL NUMBER
control field data
100 1# - MAIN ENTRY--PERSONAL NAME
Personal name Foster, Joanna.
245 10 - TITLE STATEMENT
Title Dogs working for people.
Statement of responsibility, etc. Joanna Foster & James L. Stanfield.
260 ## - PUBLICATION, DISTRIBUTION, ETC.
Place of publication, distribution, etc. [Washington]
Name of publisher, distributor, etc. National Geographic Society,
Date of publication, distribution, etc. c1972.
300 ## - PHYSICAL DESCRIPTION
Extent 40 p.
Other physical details col. illus.
Dimensions 29 cm.
440 #0 - SERIES STATEMENT/ADDED ENTRY--TITLE
Title Books for young explorers
520 ## - SUMMARY, ETC.
Summary, etc. Photographs and brief text describe the skills of retrievers, sheep and cattle dogs, Seeing Eye dogs, greyhounds, bloodhounds, police dogs, watchdogs, huskies, and other canines that work for man.
650 #0 - SUBJECT ADDED ENTRY--TOPICAL TERM
Topical term or geographic name entry element Working dogs
General subdivision Juvenile literature.
650 #1 - SUBJECT ADDED ENTRY--TOPICAL TERM
Topical term or geographic name entry element Working dogs.
650 #1 - SUBJECT ADDED ENTRY--TOPICAL TERM
Topical term or geographic name entry element Dogs.
700 1# - ADDED ENTRY--PERSONAL NAME
Personal name Stanfield, James L.,
Relator term illus.
Holdings
Withdrawn status Lost status Damaged status Not for loan Home library Current library Shelving location Date acquired Total checkouts Full call number Barcode Date last seen Price effective from Koha item type
        Centerville Centerville General stacks 22/03/2026   636.7/08/86 BC0011389 22/03/2026 22/03/2026 Books